000 00596nam a2200217Ia 4500
005 20250428125746.0
008 250408s9999 xx 000 0 und d
037 _aTextbook
040 _aLCO
_beng
_cLCO
041 _aeng
_2eng
084 _aZ0aY M7
_qLCO
100 _aIyer, V.R. Krishna
_9753183
245 0 _aSocial Justice Sunset or Dawn
_cV.R. Krishna Iyer
250 _a2nd
260 _aLucknow, India
_bEastern Book Company
_c1987
300 _a188
365 _aINR
_b445
650 _aLawSocial Justice
_9753184
942 _cTB
_hZ0aY M7
999 _c1309492
_d1309492